000 00557nam a2200205Ia 4500
005 20250508151445.0
008 008 250505s9999 xx 000 0 eng d
037 _aTextual
040 _aFEDL
_beng
_cFEDL
041 _aeng
_2eng
084 _a330, SAM
_qFEDL
100 _aSamuelson Paul A.
245 0 _aEconomics : An introductory analysis
250 _a2
260 _aNew York, USA
_bMcGraw - Hill Book company, Inc.
_c1951
300 _axxii,762p
650 _aEconomics
942 _cTEXL
_h330, SAM
999 _c1329927
_d1329927